Потери энергии от движения жидкости и их влияние на динамику гидрообъемных вибраторов на упругих оболочках: диссертация на соискание ученой степени кандидата технических наук; Спец. 01.02.06.

Detaylı Bibliyografya
Yazar: Смайлов С. А. Садык Арифович
Müşterek Yazar: Томский политехнический институт
Diğer Yazarlar: Франк Э. Г. Эдуард Готфридович (научный руководитель)
Dil:Rusça
Baskı/Yayın Bilgisi: Томск, [Б. и.], 1982
Konular:
Materyal Türü: Kitap
KOHA link:https://koha.lib.tpu.ru/cgi-bin/koha/opac-detail.pl?biblionumber=68120

MARC

LEADER 00000nbm0a2200000 4500
001 68120
005 20231031074519.0
035 |a (RuTPU)RU\TPU\book\72519 
090 |a 68120 
100 |a 20040930d1982 k y0rusy50 ca 
101 0 |a rus 
102 |a RU 
105 |a a m 001zy 
200 1 |a Потери энергии от движения жидкости и их влияние на динамику гидрообъемных вибраторов на упругих оболочках  |e диссертация на соискание ученой степени кандидата технических наук  |e Спец. 01.02.06.  |f С. А. Смайлов  |g Томский политехнический институт; науч. рук.: Э. Г. Франк 
210 |a Томск  |c [Б. и.]  |d 1982 
215 |a 198 л.  |c ил. 
320 |a Библиогр.: с. 182-192 (126 назв.) 
610 1 |a диссертации 
610 1 |a динамика 
610 1 |a прочность 
610 1 |a надежность 
610 1 |a машины 
610 1 |a приборы 
610 1 |a аппараты 
610 1 |a энергия 
610 1 |a жидкости 
610 1 |a вибраторы 
610 1 |a оболочки 
675 |a 621-752(048)  |v 3 
686 |a 01.02.06.  |2 oksvnk 
700 1 |a Смайлов  |b С. А.  |g Садык Арифович 
702 1 |a Франк  |b Э. Г.  |g Эдуард Готфридович  |4 727 
712 0 2 |a Томский политехнический институт  |2 stltpush  |3 (RuTPU)RU\TPU\col\1123 
801 1 |a RU  |b 63413507  |c 20040930  |g PSBO 
801 2 |a RU  |b 63413507  |c 20090422  |g PSBO 
942 |c BK